LEADER 01356nas a2200217 i 4500 001 000000033718 003 CaOOAMICUS 005 20180830125450.0 008 180830n fr uu u0 0und r 040 $aSeMil$bita 245 10$a[Journal officiel de la République Française. Documents parlamentaires. Chambre des Députés. Projets et proposition de loi concernant la séparation des Eglises et de l'Etat. Exposes des motifs et rapports. 260 $aParis :$b[s.n.] 300 $av. ;$c33 cm. 650 4$aFrancia - Senato - Journal Officiel.$0(OLS)http://semarc/subject/44892 650 4$aFrancia - Camera dei deputati - Journal Officiel.$0(OLS)http://semarc/subject/44893 700 1 $aRépublique française.$0(OLS)http://semarc/name/43805 774 0 $t[Chambre des députés. Session ordinaire de 1905.$dParis : [s.n.], 1905.$w()79149 774 0 $t[Chambre des députés. Session ordinaire de 1905.$dParis : [s.n.], 1905.$w()253458 774 0 $t[Sénat. Session extraordinaire de 1905.$dParis : [s.n.], 1905.$w()253459 996 $6245$a[Journal officiel de la République Française. Documents parlamentaires. Chambre des Députés. Projets et proposition de loi concernant la séparation des Eglises et de l'Etat. Exposes des motifs et rapports$9(OLS)http://semarc/title/402216 996 $6260$aParis :$b[s.n.]$9(OLS)http://semarc/publisher/30519 LEADER 01305nam a2200289 i 4500 001 000000085931 003 CaOOAMICUS 005 20160603000000.0 008 160603s1985 it u000 u ita u 013 $a58171 040 $aSeMil$bita 100 1 $aTarpino, Antonella.$0(OLS)http://semarc/name/39718 240 10$aHenri Pirenne storico della vita.$0(OLS)http://semarc/title/132376 245 10$aStoria economica e sociale del Medioevo /$cHenri Pirenne ; postfazione di Antonella Tarpino ; appendice bibliografica di Hans van Werveke. 260 $aMilano :$bGarzanti,$c1985. 300 $a325 p. ;$c20 cm. 490 0 $aStrumenti di studio 650 4$aEconomia.$0(OLS)http://semarc/subject/854 650 4$aSocietà.$0(OLS)http://semarc/subject/1042 650 4$aMedioevo.$0(OLS)http://semarc/subject/974 700 1 $aWerveke, Hans : van.$0(OLS)http://semarc/name/39719 700 1 $aPirenne, Henri <1862-1935>.$0(OLS)http://semarc/name/2608 830 0$aStrumenti di studio [Garzanti].$0(OLS)http://semarc/title/7184 850 $aSeMil 852 $aSeMil$W1$xVenegono$y1$m3N I 392$j49739$B49739$CSeMilBibl$Z2$F53530 $81 996 $6245$aStoria economica e sociale del Medioevo$9(OLS)http://semarc/title/132375 996 $6260$aMilano :$bGarzanti$9(OLS)http://semarc/publisher/29852